|
|
|
|
| LEADER |
00000nab a2200000 a 4500 |
| 001 |
vtls000896151 |
| 003 |
SK-MaSNL |
| 005 |
20260302175327.0 |
| 008 |
040720e19971001xo 0 slo |
| 035 |
|
|
|a KE5176
|
| 040 |
|
|
|a KEVKJB
|b slo
|c KEVKJB
|e AACR2
|
| 041 |
0 |
|
|a slo
|
| 044 |
|
|
|a xo
|c SK
|
| 080 |
|
|
|a 061.25
|2 1981
|
| 080 |
|
|
|a 373.6
|2 1981
|
| 100 |
0 |
|
|a lost
|4 aut
|9 879280
|
| 245 |
1 |
0 |
|a Od Gombitovej po Gladiator
|b Stredoškolský klub oslavuje štvrťstoročnicu
|
| 610 |
2 |
7 |
|a Stredoškolský klub, Košice
|2 KEVKJB
|9 886642
|
| 650 |
0 |
7 |
|a kluby
|2 KEVKJB
|9 29689
|
| 650 |
0 |
7 |
|a výročie založenia 25.
|2 KEVKJB
|9 458060
|
| 650 |
0 |
7 |
|a informácie
|2 KEVKJB
|9 1285
|
| 651 |
|
7 |
|a Košice (Slovensko)
|2 KEVKJB
|9 18694
|
| 651 |
|
7 |
|a KE,
|2 KEVKJB
|9 877256
|
| 651 |
|
7 |
|a KE,
|2 KEVKJB
|9 877256
|
| 655 |
|
7 |
|a periodikum
|2 snkbucl
|9 29553
|
| 710 |
2 |
|
|a Stredoškolský klub, Košice
|4 aut
|9 886642
|
| 773 |
0 |
8 |
|t Košický večer
|g Roč. 8
|g Roč. 29, č.189, 1.10.1997, s. 2
|
| 852 |
|
|
|a ZVYKNI
|b KIS3GCP
|
| 999 |
|
|
|c 1406720
|d 1408650
|